000 00370nam a2200145Ia 4500
008 230711s9999||||xx |||||||||||||| ||und||
041 _aENG
082 _a5
_bSH-L
100 _aShenoy,G.V
245 0 _aLinear programming : methods and applications
250 _a1st
260 _c1992
_aNew Delhi
_bWiley Eastern Limited
650 _aComputer Engineering
942 _cBK
999 _c2711
_d2711